| 000 | 00647nam a22002177a 4500 | ||
|---|---|---|---|
| 005 | 20240816160532.0 | ||
| 008 | 970904m19271929ii a 001 0aeng | ||
| 010 | _aENG-141175 | ||
| 020 |
_a9789390951482 _c175.00 |
||
| 035 | _aEN-124707 | ||
| 037 | _bDBAD | ||
| 040 | _aDPL | ||
| 082 | _a306.850954 | ||
| 100 |
_aJ.P. Singh _969286 |
||
| 245 |
_aIndia's Family in Transition/ _cBy J.P. Singh |
||
| 260 |
_aNoida _bAllied Publisher Pvt Ltd. _c2023 |
||
| 270 |
_aD-5, Sector-2, Noida - 201 301 _bUttarPardesh _e201301 |
||
| 300 |
_a262p. _c22cm.(Pb) |
||
| 650 |
_aLeadership _969287 |
||
| 942 |
_2ddc _cEN _mJPS _h306.850954 |
||
| 999 |
_c204799 _d204799 |
||